Essential Java for scientists and engineers (Record no. 316)

MARC details
000 -LEADER
fixed length control field 00847nam a22002657a 4500
001 - CONTROL NUMBER
control field FRBNF446508020000004
003 - CONTROL NUMBER IDENTIFIER
control field OSt
005 - DATE AND TIME OF LATEST TRANSACTION
control field 20230505102008.0
008 - FIXED-LENGTH DATA ELEMENTS--GENERAL INFORMATION
fixed length control field 230505b |||||||| |||| 00| 0 eng d
020 ## - INTERNATIONAL STANDARD BOOK NUMBER
International Standard Book Number 9780750659918 (pbk)
035 ## - SYSTEM CONTROL NUMBER
System control number OCoLC904533854
040 ## - CATALOGING SOURCE
Original cataloging agency KMU
Transcribing agency KMU
Modifying agency KMU
Description conventions rda
050 ## - LIBRARY OF CONGRESS CALL NUMBER
Classification number QA 76.73.J38 Hah 2002
100 ## - MAIN ENTRY--PERSONAL NAME
Personal name Hahn,Brian D.
245 ## - TITLE STATEMENT
Title Essential Java for scientists and engineers
Remainder of title /
Statement of responsibility, etc. Brian D. Hahn and Katherine M.Malan
260 ## - PUBLICATION, DISTRIBUTION, ETC.
Place of publication, distribution, etc. Oxford,
Name of publisher, distributor, etc. Butterworth-Heinemann:
Date of publication, distribution, etc. 2002.
300 ## - PHYSICAL DESCRIPTION
Extent xvi,338 pages.:
Other physical details ill.;
Dimensions 23 cm
500 ## - GENERAL NOTE
General note Includes an index
650 ## - SUBJECT ADDED ENTRY--TOPICAL TERM
Source of heading or term oclc
Topical term or geographic name entry element Java (Computer program language)
650 ## - SUBJECT ADDED ENTRY--TOPICAL TERM
Source of heading or term oclc
Topical term or geographic name entry element Science--Data processing
650 ## - SUBJECT ADDED ENTRY--TOPICAL TERM
Source of heading or term oclc
Topical term or geographic name entry element Engineering--Data processing
700 ## - ADDED ENTRY--PERSONAL NAME
Personal name Malan,Katherine M.
Numeration Brian D.
Date of a work 1946-2005
Relationship 070
930 ## - EQUIVALENCE OR CROSS-REFERENCE-UNIFORM TITLE HEADING [LOCAL, CANADA]
Date of treaty signing N
942 ## - ADDED ENTRY ELEMENTS (KOHA)
Source of classification or shelving scheme Library of Congress Classification
Koha item type Non-Fiction
Suppress in OPAC No
Holdings
Withdrawn status Lost status Source of classification or shelving scheme Damaged status Not for loan Collection Home library Current library Shelving location Date acquired Source of acquisition Total Checkouts Total Renewals Full call number Barcode Date last seen Date last checked out Price effective from Koha item type
    Library of Congress Classification     Non-fiction Kapasa Makasa University Kapasa Makasa University Open Access 05.05.2023 ZLS 9 5 QA 76.73.J38 Hah 300345 24.11.2025 17.07.2025 05.05.2023 Non-Fiction